000 00706nam a22001937a 4500
999 _c166520
_d166520
005 20190726123916.0
010 _aUR-10292
020 _c200.00
_a9789388736213
035 _aU-8847
037 _bDBAD/PUB
082 _a841
100 _aر ضيہ بيگم
245 _aا ر د و شا عر ی ميں ہند و ديو ما لا ئ عنا صر
_cر ضيہ بيگم
246 _bUrdu Shairi mein Hindu Dev Malai Anasir (Urdu)
_aby Razia Begam
260 _a Delhi
_bEducational Publishing House
_c2018 ء
270 _a3191,Vakil Street,Kucha Pandit Lal Kuan,
_bDelhi
_e110006
_k23216162
_l0091-1123211540
300 _a206 ص
_c22 Cm(Hb)
942 _2ddc
_cUR
_h841
_mر ض ی